Sports Quiz

Random Sports or Clickable Quiz

College team names Quiz Stats

Quiz not verified by Sporcle

Challenge
Share
Tweet
Embed
Score 0/55 Timer 06:00
0 Plays Today
% Correct
Alabama
96.8%
Duke
96.8%
Miami
96.8%
Notre Dame
96.8%
Texas
96.8%
LSU
95.2%
Georgia
95.2%
Florida
95.2%
Indiana
95.2%
Kansas
95.2%
Nebraska
95.2%
Michigan State
95.2%
North Carolina
95.2%
South Carolina
95.2%
USC
95.2%
TCU
94.5%
Georgia Tech
93.7%
Syracuse
93.7%
Tennessee
93.7%
Wisconsin
92.9%
Oregon
92.7%
Maryland
92.7%
North Carolina State
92.1%
West Virginia
92.1%
Oklahoma State
92.1%
Penn State
90.9%
Arkansas
90.9%
Boise State
90.5%
% Correct
Texas A&M
90.5%
Ohio State
90.5%
Arizona State
89.3%
Kentucky
88.9%
BYU
88.9%
Baylor
88.9%
Temple
88.9%
Oklahoma
88.9%
California
87.3%
Georgetown
87.3%
Illinois
87.3%
Pittsburgh
87.3%
San Diego State
87.3%
Michigan
85.7%
Akron
84.1%
Purdue
83.3%
Boston College
81%
Toledo
81%
Rutgers
80%
Mississippi
79.6%
Stanford
79.6%
Drexel
78.2%
Xavier
76.2%
Murray State
73%
Lehigh
71.4%
Bowling Green
69.8%
Marquette
65.5%

You're not logged in!

Compare scores with friends on all Sporcle quizzes.
Sign Up with Email
OR
Log In

You Might Also Like...

Show Comments

Extras

Top Quizzes Today


Score Distribution

Your Account Isn't Verified!

In order to create a playlist on Sporcle, you need to verify the email address you used during registration. Go to your Sporcle Settings to finish the process.